[Event "Ghent Taminco op 35th"]
[Site "Ghent"]
[Date "2012.07.15"]
[Round "3"]
[White "Temmerman, Hans"]
[Black "Vanbellingen, Patrick"]
[Result "1-0"]
[WhiteElo "1836"]
[BlackElo "1636"]
[PlyCount "59"]
[EventDate "2012.07.14"]
[EventType "swiss"]
[EventRounds "9"]
[EventCountry "BEL"]
[SourceTitle "CBM 149 Extra"]
[Source "ChessBase"]
[SourceDate "2012.08.24"]
[SourceVersion "1"]
[SourceVersionDate "2012.08.24"]
[SourceQuality "1"]

1. d4 Nf6 2. c4 e6 3. Nf3 Bb4+ 4. Bd2 Qe7 5. Nc3 c5 6. Nb5 Bxd2+ 7. Qxd2 d5 8. Qf4 Na6 9. Nd6+ Kf8 10. Ng5 cxd4 11. Ngxf7 Kg8 12. Qxd4 e5 13. Qxe5 Qxe5 14. Nxe5 h5 15. Ng6 Rh6 16. Ne7+ Kf8 17. Ndxc8 Nb4 18. 0-0-0 Ne4 19. Rd4 Rxc8 20. Nxc8 Rc6 21. Nxa7 Ra6 22. Nb5 Rxa2 23. Kb1 Nc5 24. cxd5 Ra4 25. Rf4+ Kg8 26. Nc3 Ra1+ 27. Kxa1 Nb3+ 28. Kb1 Nd2+ 29. Kc1 Nb3+ 30. Kd1 1-0